| 000 | 01609nam a2200337 c 4500 | ||
|---|---|---|---|
| 999 |
_c188373 _d188373 |
||
| 003 | BLK | ||
| 005 | 20241105005515.0 | ||
| 008 | 180411b bul|||||r ||||||| ||bul|| | ||
| 010 | _aKNG00197391000 | ||
| 040 | _aBLK | ||
| 041 |
_aBUL _cBUL |
||
| 080 |
_aРуска литература _b821.161.1 _x-1 _z821.161.1-1 |
||
| 100 | 1 |
_aТютчев, Фьодор Иванович _eпърви автор _9384602 |
|
| 139 |
_aТютчев, Фьодор Иванович _bТ 98 |
||
| 245 | 1 | 0 |
_aСтихотворения _bСборник _cФьодор Иванович Тютчев; прев. от рус. с послесл. Григор Кръстанов Ленков; с предг. от Блага Николова Димитрова; рис. Ясен Славчев Васев. |
| 257 | _aSUN | ||
| 260 |
_aСофия _bНар. култура _c1979 |
||
| 300 |
_a142 с. _bс ил. _c17 см |
||
| 380 | _aX | ||
| 500 | _a5 125 тир. - Парал. текст на рус. ез. | ||
| 700 | 1 |
_aЛенков, Григор Кръстанов _eпрев. от рус. с послесл. _9365627 |
|
| 700 |
_aДимитрова, Блага Николова _d1922 - 2003 _gПисателка, поетеса, драматург, публицист, преводачка _9363629 |
||
| 700 | 1 |
_aВасев, Ясен Славчев _eрис. _9384603 |
|
| 852 | _aЦб І 17956 | ||
| 856 | 4 |
_qpdf _i0.00 _ldisable |
|
| 856 | 4 |
_qpdf _i0.00 _ldisable |
|
| 942 |
_cKNG _n0 _s1 |
||
| 944 |
_aCR _c05.12.2016 _k _lCRON CRON |
||
| 944 |
_aED _c05.12.2016 _kСевдалина_Василева |
||
| 999 | _d188373 | ||